00508nam a22001337a 4500008004100000020001500041050002400056100002200080245013600102260003500238300003100273500005100304650001900355170124b xxu||||| |||| 00| 0 eng d a0070382018 aLB 1027.47.K53 1999 aKlatt,Bruced1999 aThe Ultimate Training Workshop Handbook /bA Comprehensive Guide to Leading Successful Workshops &Training Programs.cBruce Klatt aNew York:bMcGraw Hill,c1999. axiv, 606 p.:bill.;c28cm. aincludes bibliographical references and index. 2Adult Learning